Mathematical handbook (Record no. 255034)
[ view plain ]
| 000 -LEADER | |
|---|---|
| fixed length control field | 00226 a2200109 4500 |
| 001 - CONTROL NUMBER | |
| control field | 19961 |
| 082 ## - DEWEY DECIMAL CLASSIFICATION NUMBER | |
| Classification number | 510 SPI |
| 090 ## - LOCALLY ASSIGNED LC-TYPE CALL NUMBER (OCLC); LOCAL CALL NUMBER (RLIN) | |
| -- | 14570 |
| -- | 14570 |
| 100 ## - MAIN ENTRY--PERSONAL NAME | |
| Personal name | Spiegel, M R |
| 245 ## - TITLE STATEMENT | |
| Title | Mathematical handbook |
| 260 ## - PUBLICATION, DISTRIBUTION, ETC. | |
| Name of publisher, distributor, etc. | Mcgraw-Hill |
| 942 ## - ADDED ENTRY ELEMENTS (KOHA) | |
| Institution code [OBSOLETE] | NUST-CAE |
| Call number prefix | 510 SPI |
| Withdrawn status | Lost status | Damaged status | Not for loan | Collection code | Permanent Location | Current Location | Date acquired | Total Checkouts | Full call number | Barcode | Date last seen | Price effective from | Koha item type |
|---|---|---|---|---|---|---|---|---|---|---|---|---|---|
| College of Aeronautical Engineering (CAE) | College of Aeronautical Engineering (CAE) | 04/03/2017 | 510 SPI | CAE12719 | 04/05/2017 | 04/05/2017 | Book | ||||||
| College of Aeronautical Engineering (CAE) | College of Aeronautical Engineering (CAE) | 04/03/2017 | 510 SPI | CAEG-5090 | 04/05/2017 | 04/05/2017 | Book |
